000
00327nam a2200145Ia 4500
005
20250318124433.0
008
240331s9999 xx 000 0 und d
082
_b
JOS
_a
894
100
_a
Joseph, T
245
0
_a
Paalayi
260
_a
Chennai
_b
Duraivi
_c
1997
300
_a
160 p .,
500
_a
Three Short Novels
942
_c
L
999
_c
3747
_d
3747